|
|
|
|
| LEADER |
00796nam a2200205 i 4500 |
| 001 |
acta37405 |
| 005 |
20230308142341.0 |
| 008 |
161201s2003 hu o 0|| hun d |
| 020 |
|
|
|a 963 214 307 8
|
| 040 |
|
|
|a SZTE Egyetemi Kiadványok Repozitórium
|b hun
|
| 041 |
|
|
|a hun
|
| 245 |
0 |
0 |
|a Esélyegyenlőtlenségek a mai magyar társadalomban
|h [elektronikus dokumentum] :
|b konferenciakötet
|
| 260 |
|
|
|a Szegedi Társadalomtudományi Szakkollégium
|b Szeged
|c 2003
|
| 300 |
|
|
|a 99
|c 21 cm
|
| 490 |
0 |
|
|a Szakkollégiumi füzetek
|v 3
|
| 650 |
|
4 |
|a Társadalomtudományok
|
| 650 |
|
4 |
|a Szociológia
|
| 695 |
|
|
|a Esélyegyenlőtlenség - Magyarország, Társadalmi változások - Magyarország
|
| 700 |
0 |
1 |
|a Körtvélyesi Zsolt
|
| 856 |
4 |
0 |
|u http://acta.bibl.u-szeged.hu/37405/1/szakkol_003.pdf
|z Dokumentum-elérés
|